<?xml version="1.0" encoding="UTF-8"?>
<marc:record xmlns:marc="http://www.loc.gov/MARC21/slim">
   <marc:leader>00000nam a2200000 a 4500</marc:leader>
   <marc:datafield ind1="0" ind2="0" tag="245">
      <marc:subfield code="a">Gundermann</marc:subfield>
   </marc:datafield>
   <marc:datafield ind1=" " ind2="1" tag="264">
      <marc:subfield code="a">Köln</marc:subfield>
      <marc:subfield code="b">Pandora Film</marc:subfield>
      <marc:subfield code="c">2018</marc:subfield>
   </marc:datafield>
   <marc:datafield ind1="1" ind2=" " tag="490">
      <marc:subfield code="a">5</marc:subfield>
   </marc:datafield>
   <marc:datafield ind1="1" ind2=" " tag="520">
      <marc:subfield code="a">Gundermann erzählt von einem Baggerfahrer, der Lieder schreibt. Der ein Poet ist, ein Clown und ein Idealist. Der träumt und hofft und liebt und kämpft. Ein Spitzel, der bespitzelt wird. Ein Weltverbesserer, der es nicht besser weiß. Ein Zerrissener. Gundermann ist Liebes- und Musikfilm, Drama über Schuld und Verstrickung, eine Geschichte vom Verdrängen und Sich-Stellen. Gundermann ist ein Film über Heimat.</marc:subfield>
   </marc:datafield>
   <marc:datafield ind1=" " ind2=" " tag="020">
      <marc:subfield code="a">4042564178715</marc:subfield>
      <marc:subfield code="9">4042564178715</marc:subfield>
   </marc:datafield>
   <marc:datafield ind1="0" ind2=" " tag="490">
      <marc:subfield code="v">0</marc:subfield>
   </marc:datafield>
   <marc:datafield ind1=" " ind2=" " tag="300">
      <marc:subfield code="a">ca. 123 Min.</marc:subfield>
   </marc:datafield>
</marc:record>
